[Event "Reykjavik Open 2026"]
[Site "Reykjavik ISL"]
[Date "2026.03.27"]
[Round "4.48"]
[White "Krishay Jain"]
[Black "Singh, Siddharth"]
[Result "0-1"]
[WhiteElo "2097"]
[BlackElo "2342"]
[WhiteFideId "25129597"]
[BlackFideId "39907023"]
[EventDate "2026.03.25"]

1. e4 c6 2. d4 d5 3. e5 c5 4. dxc5 e6 5. a3 Bxc5 6. Qg4 Ne7 7. Qxg7 Rg8 8. Qxh7
Nbc6 9. f4 Qb6 10. Ne2 Bd7 11. Qd3 Nf5 12. Nbc3 Rc8 13. g3 Bf2+ 14. Kd1 Na5 15.
Bh3 Ne3+ 16. Bxe3 Bxe3 17. b3 Rh8 18. Bg2 Bc6 19. Ke1 Kf8 20. a4 Kg7 21. Kf1 Rh6
22. h4 f6 23. Bf3 fxe5 24. fxe5 Rf8 25. Kg2 Nc4 26. a5 Qc5 27. Na4 Bxa4 28. bxc4
Bc6 29. cxd5 Bb5 30. Qe4 exd5 31. Qxd5 Bc6 32. Qxc5 Bxf3+ 33. Kh3 Bxc5 34. Rh2
Rg6 35. Nf4 Bg4+ 36. Kg2 Rc6 37. Rb1 b6 38. axb6 Bxb6 39. Rb2 Re8 40. e6 Bxe6
41. Nxe6+ Rexe6 42. Kh3 Re3 43. Rg2 Rec3 44. Ra2 Kg6 45. Kh2 Kh5 46. Rd2 Kg4 47.
Rg2 R6c4 48. Rb2 Bc7 49. Rb7 a6 50. Ra7 Rxc2 51. Rxa6 Bxg3+ 52. Kh1 Kh3 0-1

[Event "Reykjavik Open 2026"]
[Site "Reykjavik ISL"]
[Date "2026.03.27"]
[Round "4.49"]
[White "Thorfinnsson, Bjorn"]
[Black "Liu, Bei"]
[Result "1/2-1/2"]
[WhiteTitle "IM"]
[WhiteElo "2335"]
[BlackElo "1963"]
[WhiteFideId "2300982"]
[BlackFideId "8603596"]
[EventDate "2026.03.25"]

1. d4 d5 2. Bg5 h6 3. Bh4 c5 4. e3 Qb6 5. Nc3 e6 6. Bb5+ Bd7 7. Bxd7+ Nxd7 8.
Nge2 cxd4 9. Qxd4 Qxd4 10. Nxd4 Bb4 11. Nb5 Rc8 12. Nxa7 Bxc3+ 13. bxc3 Rxc3 14.
Nb5 Rc6 15. Nd4 Rc4 16. Rb1 b6 17. Kd2 Ne7 18. Rb3 Ra4 19. Rhb1 Ng6 20. Bg3 Nge5
21. Bxe5 Nxe5 22. Kc1 Nc4 23. e4 O-O 24. exd5 exd5 25. Nf5 Rxa2 26. Ne7+ Kh7 27.
Nxd5 Re8 28. Ne3 Nxe3 29. Rxe3 Rc8 30. Rb2 Ra1+ 31. Rb1 Ra2 32. Re2 Rc6 33. Rb3
g5 34. Kb1 Ra7 35. Kb2 Rac7 36. c3 Kg6 37. Kc2 f6 38. Re4 Rd7 39. Rb2 Kf7 40.
Reb4 Rdd6 41. g4 Ke7 42. Ra2 Re6 43. Ra7+ Kd6 44. Kd3 Re1 45. Rh7 Rd1+ 46. Ke2
Rc1 47. Rxh6 Rc2+ 48. Kf1 Kc5 49. Rh3 Re6 50. Ra4 b5 51. Ra8 Re4 52. Rc8+ Kb6
53. Re3 Rf4 54. Re6+ Kb7 55. Rf8 Rcxf2+ 56. Kg1 Rf1+ 57. Kg2 R1f2+ 58. Kg1 Rf1+ 1/2-1/2

[Event "Reykjavik Open 2026"]
[Site "Reykjavik ISL"]
[Date "2026.03.27"]
[Round "4.50"]
[White "Quirke, Jeffrey"]
[Black "Roubalik, Jakub"]
[Result "1/2-1/2"]
[BlackTitle "IM"]
[WhiteElo "2075"]
[BlackElo "2316"]
[WhiteFideId "2013029"]
[BlackFideId "322237"]
[EventDate "2026.03.25"]

1. d4 Nf6 2. Nf3 e6 3. e3 b6 4. Bd3 Bb7 5. O-O d6 6. c4 Nbd7 7. Nc3 g6 8. e4 Bg7
9. Re1 O-O 10. h3 e5 11. d5 Nh5 12. Bf1 h6 13. Bd2 a6 14. g3 Qe8 15. Be2 Qe7 16.
Nh2 Nhf6 17. Qc2 Kh7 18. b4 Ng8 19. Bd3 h5 20. Nf3 Bh6 21. Nh4 Bxd2 22. Qxd2 Kg7
23. a3 Bc8 24. Kh2 Ngf6 25. Be2 Rh8 26. Kg2 Nf8 27. Nf3 N6h7 28. h4 Bg4 29. Rh1
Nd7 30. Ng1 Bxe2 31. Qxe2 Rhf8 32. Nf3 f6 33. Ne1 Rf7 34. Nd3 Raf8 35. Rae1 f5
36. exf5 Rxf5 37. f4 Qf7 38. Rhf1 Re8 39. Qd2 Nhf8 40. a4 exf4 41. Nxf4 Rxe1 42.
Rxe1 Ne5 43. Qd4 Nd7 44. Rf1 Kg8 45. Ne4 Nf6 46. Ng5 Qd7 47. b5 a5 48. Nge6 Nfg4
49. Re1 Qf7 50. Re2 Qe7 51. Qc3 Qf7 52. Qd4 Qh7 53. Re1 Qf7 1/2-1/2

[Event "Reykjavik Open 2026"]
[Site "Reykjavik ISL"]
[Date "2026.03.28"]
[Round "5.1"]
[White "Tabatabaei, M. Amin"]
[Black "Ivanchuk, Vasyl"]
[Result "1-0"]
[WhiteTitle "GM"]
[BlackTitle "GM"]
[WhiteElo "2700"]
[BlackElo "2624"]
[WhiteFideId "12521213"]
[BlackFideId "14100010"]
[EventDate "2026.03.25"]

1. e4 e6 2. d4 d5 3. e5 c5 4. c3 Nc6 5. Nf3 Bd7 6. Be2 Nge7 7. O-O Nf5 8. dxc5
Bxc5 9. b4 Bb6 10. Bd3 O-O 11. Re1 a6 12. a4 d4 13. Ba3 dxc3 14. a5 Bc7 15. b5
axb5 16. Bxf8 Kxf8 17. Nxc3 Bxa5 18. Bxf5 exf5 19. Qd6+ Qe7 20. Nxb5 Rd8 21.
Red1 Bb6 22. Qxe7+ Kxe7 23. Nd6 Bc7 24. Nxb7 Rb8 25. Nd6 Rd8 26. Rac1 Bb8 27. h4
g6 28. Nxf7 Kxf7 29. Rxc6 Bxc6 30. Rxd8 1-0

[Event "Reykjavik Open 2026"]
[Site "Reykjavik ISL"]
[Date "2026.03.28"]
[Round "5.2"]
[White "Lagarde, Maxime"]
[Black "Gupta, Abhijeet"]
[Result "1-0"]
[WhiteTitle "GM"]
[BlackTitle "GM"]
[WhiteElo "2618"]
[BlackElo "2506"]
[WhiteFideId "662399"]
[BlackFideId "5010608"]
[EventDate "2026.03.25"]

1. Nf3 Nf6 2. c4 c5 3. Nc3 Nc6 4. d4 cxd4 5. Nxd4 e6 6. Bf4 Bc5 7. e3 d5 8. cxd5
Nxd5 9. Nxc6 bxc6 10. Bd3 Bb4 11. O-O Bxc3 12. bxc3 Nxf4 13. exf4 O-O 14. Rb1
Qc7 15. Qh5 g6 16. Qe5 Qxe5 17. fxe5 Rd8 18. Rfd1 Kf8 19. f4 Ke7 20. Kf2 Rd5 21.
Ke3 Kd8 22. c4 Rd7 23. Rb3 Kc7 24. Rdb1 h5 25. Be4 Rd8 26. g3 Rd7 27. h3 Rd8 28.
Rb4 a5 29. Rb6 Ra6 30. c5 Rxb6 31. cxb6+ Kb7 32. g4 h4 33. a4 Bd7 34. Kd4 Be8+
35. Kc5 Rd2 36. Rb5 Rc2+ 37. Bxc2 cxb5 38. axb5 Kb8 39. Be4 a4 40. Kb4 a3 41.
Kxa3 Bxb5 42. Bg2 Kc8 43. Kb4 Bd3 44. Kc5 Kd7 45. Bc6+ Kc8 46. Be8 Be4 47. Kd6
Bg2 48. Bxf7 Bxh3 49. f5 gxf5 50. g5 f4 51. g6 f3 52. g7 f2 53. g8=Q+ Kb7 54.
Bxe6 f1=Q 55. Qc8+ Kxb6 56. Qc5+ 1-0

[Event "Reykjavik Open 2026"]
[Site "Reykjavik ISL"]
[Date "2026.03.28"]
[Round "5.3"]
[White "Stefansson, Vignir Vatnar"]
[Black "Maurizzi, MarcAndria"]
[Result "1/2-1/2"]
[WhiteTitle "GM"]
[BlackTitle "GM"]
[WhiteElo "2511"]
[BlackElo "2614"]
[WhiteFideId "2308649"]
[BlackFideId "36083534"]
[EventDate "2026.03.25"]

1. d4 Nf6 2. Nf3 d5 3. c4 e6 4. Nc3 Be7 5. g3 O-O 6. Bg2 Nbd7 7. b3 dxc4 8. bxc4
c5 9. e3 Qc7 10. Qb3 b6 11. O-O Bb7 12. Ba3 a6 13. Rfd1 Rac8 14. Rab1 Rfe8 15.
Nd2 Bxg2 16. Kxg2 cxd4 17. exd4 Bxa3 18. Qxa3 e5 19. Nd5 Qb7 20. dxe5 Nxd5 21.
cxd5 Rxe5 22. Nf3 Rxd5 23. Rxd5 Qxd5 24. Qxa6 Rc2 25. Qb5 Qxb5 26. Rxb5 Rxa2 27.
Rd5 Ra7 28. Ne5 Nf8 29. Nc4 Rb7 30. Rb5 Nd7 31. Kf3 Kf8 32. Ke4 Ke7 33. Kd5 Rc7
34. Nxb6 Nf6+ 35. Kd4 Rc2 36. Nd5+ Nxd5 37. Rxd5 Rxf2 38. Rh5 h6 39. Ke3 Rf1 40.
Ke2 Rf6 41. h4 Kf8 42. Ra5 g6 43. Rb5 Kg7 44. Ra5 Rf5 45. Ra4 h5 46. Ke3 Kh6 47.
Ra6 f6 48. Rb6 g5 49. hxg5+ Kxg5 50. Rb4 Kg6 51. Ra4 1/2-1/2

[Event "Reykjavik Open 2026"]
[Site "Reykjavik ISL"]
[Date "2026.03.28"]
[Round "5.4"]
[White "Zhou, Jianchao"]
[Black "Magold, Filip"]
[Result "1/2-1/2"]
[WhiteTitle "GM"]
[BlackTitle "IM"]
[WhiteElo "2584"]
[BlackElo "2484"]
[WhiteFideId "8603537"]
[BlackFideId "1254456"]
[EventDate "2026.03.25"]

1. e4 c5 2. Nc3 d6 3. d4 cxd4 4. Qxd4 Nc6 5. Qd2 g6 6. b3 Bh6 7. f4 Nf6 8. Bb2
O-O 9. O-O-O e5 10. g3 Re8 11. Bg2 Bg4 12. Rf1 Nd4 13. h3 Bd7 14. Nf3 Nb5 15.
Ng5 Rc8 16. Nxb5 Bxb5 17. Rf2 Bc6 18. Re1 Bg7 19. h4 h6 20. Nh3 Qd7 21. Rfe2 a5
22. Nf2 Qc7 23. Bh3 Rcd8 24. fxe5 dxe5 25. Qc3 b5 26. Nd3 b4 27. Qc5 Qb7 1/2-1/2

[Event "Reykjavik Open 2026"]
[Site "Reykjavik ISL"]
[Date "2026.03.28"]
[Round "5.5"]
[White "Xiao, Tong(QD)"]
[Black "Garifullina, Leya"]
[Result "1-0"]
[WhiteTitle "GM"]
[BlackTitle "IM"]
[WhiteElo "2555"]
[BlackElo "2454"]
[WhiteFideId "8622388"]
[BlackFideId "34127035"]
[EventDate "2026.03.25"]

1. c4 e5 2. Nc3 Bb4 3. Qc2 Nf6 4. Nf3 Nc6 5. Nd5 Be7 6. a3 a5 7. e3 d6 8. Be2 h6
9. b3 O-O 10. Bb2 Be6 11. Nc3 Re8 12. h3 d5 13. cxd5 Nxd5 14. Ne4 Bf5 15. Bb5
Bd6 16. Bxc6 bxc6 17. d3 Bd7 18. Nc5 Bc8 19. O-O Qe7 20. Rac1 f5 21. d4 e4 22.
Ne5 Bxe5 23. dxe5 Qg5 24. Bd4 Ne7 25. Kh2 Qh5 26. f3 exf3 27. Rxf3 Ng6 28. Qc4+
Kh7 29. Rg3 Nxe5 30. Bxe5 Rxe5 31. Rxg7+ Kxg7 32. Qd4 Qe8 33. Nd3 Kh7 34. Nxe5
Be6 35. Rxc6 Qe7 36. Nd3 Rd8 37. Rxe6 1-0

[Event "Reykjavik Open 2026"]
[Site "Reykjavik ISL"]
[Date "2026.03.28"]
[Round "5.6"]
[White "Balakrishnan, Praveen"]
[Black "Sanal, Vahap"]
[Result "1/2-1/2"]
[WhiteTitle "GM"]
[BlackTitle "GM"]
[WhiteElo "2496"]
[BlackElo "2551"]
[WhiteFideId "2064871"]
[BlackFideId "6300545"]
[EventDate "2026.03.25"]

1. e4 c5 2. Nf3 e6 3. d4 cxd4 4. Nxd4 a6 5. Nc3 Qc7 6. Bd3 Nf6 7. Qe2 d6 8. f4
Nbd7 9. g4 Nc5 10. g5 Nfd7 11. Be3 b5 12. a3 Bb7 13. Rf1 g6 14. f5 gxf5 15. exf5
e5 16. O-O-O Nxd3+ 17. Rxd3 Nc5 18. Rdd1 O-O-O 19. Nf3 d5 20. Bxc5 Bxc5 21. Qxe5
Qxe5 22. Nxe5 Be3+ 23. Kb1 Rhf8 24. Nf3 d4 25. Ne2 Bxf3 26. Rxf3 Bxg5 27. Nxd4
Rfe8 28. Rfd3 Re5 29. c3 Rd6 30. Rg1 Be3 31. Rg8+ Kd7 32. Nf3 Re4 33. Kc2 Bf4
34. Rxd6+ Kxd6 35. Rg7 Re2+ 36. Kb1 Rf2 37. Nd4 Rxh2 38. Rxf7 h5 39. Rh7 Rh1+
40. Ka2 Bg5 41. Ra7 Rf1 42. Rxa6+ Ke5 43. Rg6 Bf6 44. Rh6 h4 45. Kb3 Rf2 46. a4
bxa4+ 47. Kxa4 Rxb2 48. Nf3+ Kxf5 49. Nxh4+ Ke6 50. Nf3 Ke7 51. Nd4 Bxd4 52.
cxd4 Kd7 53. d5 Rd2 54. d6 Rxd6 55. Rxd6+ Kxd6 1/2-1/2

[Event "Reykjavik Open 2026"]
[Site "Reykjavik ISL"]
[Date "2026.03.28"]
[Round "5.7"]
[White "Makkar, Rajat"]
[Black "Chasin, Nico"]
[Result "1-0"]
[WhiteTitle "IM"]
[BlackTitle "IM"]
[WhiteElo "2418"]
[BlackElo "2523"]
[WhiteFideId "36016810"]
[BlackFideId "30908477"]
[EventDate "2026.03.25"]

1. e4 c5 2. d3 Nc6 3. g3 g6 4. Bg2 Bg7 5. f4 e6 6. Nf3 Nge7 7. O-O O-O 8. c3 d5
9. e5 f6 10. exf6 Bxf6 11. Be3 b6 12. Qe2 Ba6 13. Bf2 Qd6 14. Re1 Rae8 15. Nbd2
Bg7 16. Qxe6+ Qxe6 17. Rxe6 Bxd3 18. Rae1 Bf5 19. R6e2 h6 20. h3 Bd7 21. g4 Rxf4
22. Bg3 Rf7 23. Bd6 Bf6 24. c4 Rd8 25. cxd5 Nxd5 26. Ng5 Nf4 27. Bxf4 hxg5 28.
Bc7 Rc8 29. Bd6 Nb4 30. Be4 Bxb2 31. a3 Bd4+ 32. Kh2 Nc6 33. Bd5 Nd8 34. Nf3 Bc6
35. Bxf7+ Nxf7 36. Nxd4 cxd4 37. Re6 d3 38. Bb4 Bb5 39. Rxg6+ Kh7 40. Rf6 Kg7
41. Ref1 Rc2+ 42. Kg3 Bc4 43. R1f2 a5 44. Be1 Bd5 45. Bd2 b5 46. R6f5 Bc4 47.
Bxa5 Rc1 48. Bd2 Rg1+ 49. Kh2 Rd1 50. Bc3+ Kf8 51. Rxg5 d2 52. Bb4+ Ke8 53. Rg8+
Kd7 54. Rxd2+ Rxd2+ 55. Bxd2 Ne5 56. Rg7+ 1-0

[Event "Reykjavik Open 2026"]
[Site "Reykjavik ISL"]
[Date "2026.03.28"]
[Round "5.8"]
[White "Wadsworth, Matthew J"]
[Black "Injac, Teodora"]
[Result "1-0"]
[WhiteTitle "GM"]
[BlackTitle "IM"]
[WhiteElo "2522"]
[BlackElo "2417"]
[WhiteFideId "415804"]
[BlackFideId "932400"]
[EventDate "2026.03.25"]

1. d4 Nf6 2. c4 e6 3. Nc3 Bb4 4. e3 O-O 5. Bd2 c5 6. a3 Bxc3 7. Bxc3 Ne4 8. Ne2
d6 9. dxc5 dxc5 10. Qc2 Nxc3 11. Nxc3 Nc6 12. Bd3 h6 13. O-O-O Qe7 14. f4 a6 15.
g4 b5 16. cxb5 axb5 17. Bxb5 Bb7 18. Rhg1 Nb4 19. Qe2 Nd5 20. Nxd5 exd5 21. g5
h5 22. g6 c4 23. f5 fxg6 24. fxg6 Rf5 25. Rdf1 Raf8 26. Ba4 Rxf1+ 27. Rxf1 Rxf1+
28. Qxf1 Qxe3+ 29. Kb1 Qe6 30. Bc2 d4 31. Bf5 Be4+ 32. Bxe4 Qxe4+ 33. Ka1 Qe6
34. Qg2 Kf8 35. Qg5 d3 36. Qd8+ Qe8 37. Qd6+ Kg8 38. Qd5+ Kf8 39. Qc5+ Qe7 40.
Qxc4 d2 41. Qf4+ Qf6 42. Qxd2 Qxg6 43. a4 Qe4 44. b3 h4 45. a5 h3 46. Qd6+ Kf7
47. a6 g5 48. Qc7+ Kg6 49. a7 g4 50. Ka2 Kh6 51. Ka3 g3 52. Qd8 g2 53. a8=Q
Qxa8+ 54. Qxa8 g1=Q 55. Qh8+ 1-0

[Event "Reykjavik Open 2026"]
[Site "Reykjavik ISL"]
[Date "2026.03.28"]
[Round "5.9"]
[White "Narva, Mai"]
[Black "Warmerdam, Max"]
[Result "1/2-1/2"]
[WhiteTitle "IM"]
[BlackTitle "GM"]
[WhiteElo "2413"]
[BlackElo "2575"]
[WhiteFideId "4500512"]
[BlackFideId "1048104"]
[EventDate "2026.03.25"]

1. e4 c5 2. Nf3 d6 3. Bb5+ Nd7 4. a4 Nf6 5. Nc3 a6 6. Be2 b6 7. d4 cxd4 8. Qxd4
e5 9. Qe3 Be7 10. Nd2 O-O 11. Nc4 Rb8 12. O-O Qc7 13. Qg3 Re8 14. Bh6 Bf8 15.
Rad1 Re6 16. Bg5 Bb7 17. f3 b5 18. axb5 axb5 19. Ne3 b4 20. Ncd5 Nxd5 21. exd5
Ree8 22. Bd3 Nc5 23. Be4 Bc8 24. h4 Kh8 25. h5 f6 26. Bh4 Qf7 27. Bg6 Qd7 28.
Bxe8 Qxe8 29. f4 Qxh5 30. fxe5 Qxe5 31. Nc4 Qxg3 32. Bxg3 Ne4 33. Rfe1 Bg4 34.
Rd4 f5 35. Rexe4 fxe4 36. Bxd6 b3 37. cxb3 Bxd6 38. Nxd6 Rxb3 39. Rxe4 h5 40.
Nc4 Rb4 41. d6 Kg8 42. Kf2 Bf5 43. Rf4 Bd7 44. Ke3 Bb5 45. Kd2 Rb3 46. Rd4 Rg3
47. d7 Rxg2+ 48. Kc3 Bxd7 49. Rxd7 h4 50. b4 h3 51. Rd1 Kf7 52. b5 h2 53. Rh1
Ke6 54. Ne3 Re2 55. Kd3 Rb2 56. Kc4 Kd6 57. Ng4 Re2 58. Nxh2 Re4+ 59. Kd3 Rb4
60. Nf3 Rxb5 61. Rg1 g5 62. Nxg5 Rb4 63. Nf3 Ra4 64. Rg6+ Kd5 65. Rg5+ Ke6 66.
Nd4+ Kf6 67. Rf5+ Kg6 68. Rf1 Ra8 69. Ke4 Re8+ 70. Kd5 Kg5 71. Nf3+ Kg4 72. Ne5+
Kg3 73. Ke4 Ra8 74. Rf3+ Kg2 75. Rf7 Re8 76. Rf5 Rg8 77. Nd3 Re8+ 78. Kf4 Rg8
79. Ke3 Rg3+ 80. Ke2 Rg8 81. Rf2+ Kg3 82. Rf3+ Kh4 83. Kf2 Ra8 84. Rg3 Rf8+ 85.
Kg2 Rf5 86. Ne1 Kh5 87. Nf3 Ra5 88. Kf2 Kh6 89. Ke3 Ra6 90. Kf4 Ra5 91. Ne5 Ra1
92. Kf5 Rf1+ 93. Nf3 Ra1 94. Nd4 Ra5+ 95. Kf4 Ra4 96. Ke5 Ra5+ 97. Kf6 Ra6+ 98.
Ne6 Kh5 99. Rg8 Kh4 100. Kf5 Ra5+ 101. Ke4 Ra4+ 102. Nd4 Kh5 103. Ke5 Ra5+ 104.
Kf4 Ra4 105. Rg5+ Kh6 106. Rd5 Kg6 107. Rd6+ Kf7 108. Rd5 Kf6 109. Ke4 Ra1 110.
Rd6+ Kf7 111. Nf3 Ke7 112. Rh6 Ra4+ 113. Kf5 1/2-1/2

[Event "Reykjavik Open 2026"]
[Site "Reykjavik ISL"]
[Date "2026.03.28"]
[Round "5.10"]
[White "Kurmann, Oliver"]
[Black "Deac, Bogdan-Daniel"]
[Result "0-1"]
[WhiteTitle "IM"]
[BlackTitle "GM"]
[WhiteElo "2382"]
[BlackElo "2655"]
[WhiteFideId "1308173"]
[BlackFideId "1226380"]
[EventDate "2026.03.25"]

1. c4 d6 2. Nc3 e5 3. Nf3 g6 4. d4 Nc6 5. dxe5 Nxe5 6. Nxe5 dxe5 7. Qxd8+ Kxd8
8. b3 c6 9. Bb2 f6 10. O-O-O+ Kc7 11. h3 Nh6 12. e3 Nf7 13. g4 Be7 14. Be2 f5
15. h4 fxg4 16. h5 Bf5 17. Rdg1 Nh6 18. hxg6 hxg6 19. Kd2 Rad8+ 20. Ke1 Bf6 21.
e4 Bd7 22. Bc1 Nf7 23. Rxh8 Rxh8 24. Be3 Rh4 25. Bxa7 Bg5 26. Na4 Bf4 27. Bb6+
Kb8 28. Nc5 Bc8 29. a4 Bh2 30. Rg2 g5 31. a5 Nh8 32. Bd8 Ng6 33. Nd3 Nf4 34.
Nxf4 Bxf4 35. Rg1 Be6 36. Kd1 Rh3 37. Bxg4 Bxg4+ 38. Rxg4 Rd3+ 0-1

[Event "Reykjavik Open 2026"]
[Site "Reykjavik ISL"]
[Date "2026.03.28"]
[Round "5.11"]
[White "Tang, Zoey"]
[Black "Livaic, Leon"]
[Result "1-0"]
[WhiteTitle "FM"]
[BlackTitle "GM"]
[WhiteElo "2366"]
[BlackElo "2571"]
[WhiteFideId "30952530"]
[BlackFideId "14531534"]
[EventDate "2026.03.25"]

1. d4 Nf6 2. c4 e6 3. Nf3 d5 4. Nc3 Nbd7 5. cxd5 exd5 6. Bg5 h6 7. Bh4 Bb4 8. e3
g5 9. Bg3 Ne4 10. Qb3 c5 11. dxc5 Qa5 12. a3 Bxc3+ 13. bxc3 O-O 14. Qb4 Qxc5 15.
c4 Qxb4+ 16. axb4 dxc4 17. Bxc4 Nb6 18. Bd3 Bf5 19. Be5 Nd5 20. O-O Nxb4 21.
Bxe4 Bxe4 22. Bd6 Nc2 23. Bxf8 Nxa1 24. Bxh6 Nb3 25. Rd1 a5 26. Bxg5 a4 27. Bf6
Bc2 28. Rd5 a3 29. Ne1 Bg6 30. Rb5 Na5 31. h4 Ra6 32. Bc3 Rc6 33. Bd4 b6 34. h5
Bh7 35. Rd5 Kf8 36. Kh2 Nb3 37. Nf3 Nxd4 38. Nxd4 Rc8 39. Rd7 Ra8 40. Rb7 a2 41.
Nb3 Ra6 42. g4 Bd3 43. Na1 b5 44. g5 Rd6 45. h6 Kg8 46. f4 Rd5 47. Rb8+ Kh7 48.
Rb7 Kg6 49. Rb6+ Kh7 50. Rb7 Kg6 51. Rb6+ Kh5 52. Kg3 Bh7 53. Ra6 Rd2 54. Nb3
Rc2 55. Nd4 Rb2 56. Nf5 Bxf5 57. h7 1-0

[Event "Reykjavik Open 2026"]
[Site "Reykjavik ISL"]
[Date "2026.03.28"]
[Round "5.12"]
[White "Papasimakopoulos, Alexandros"]
[Black "Andersen, Mads"]
[Result "1/2-1/2"]
[WhiteTitle "IM"]
[BlackTitle "GM"]
[WhiteElo "2360"]
[BlackElo "2562"]
[WhiteFideId "4244125"]
[BlackFideId "1413864"]
[EventDate "2026.03.25"]

1. Nf3 d5 2. e3 Nf6 3. c4 c6 4. Nc3 e6 5. d4 Nbd7 6. Bd3 dxc4 7. Bxc4 b5 8. Bd3
Bd6 9. O-O O-O 10. a4 b4 11. Ne4 Nxe4 12. Bxe4 Bb7 13. a5 Rc8 14. a6 Ba8 15. Nd2
Qc7 16. g3 c5 17. Bxa8 Rxa8 18. Nc4 cxd4 19. Nxd6 Qxd6 20. Qxd4 Qxd4 21. exd4
Nf6 22. Bd2 Nd5 23. Rfc1 Rfc8 24. Rc5 Kf8 25. Raa5 Rxc5 26. dxc5 Rb8 27. Kf1 Ke7
28. Ke2 Kd7 29. Kd3 Kc6 30. Kc4 e5 31. g4 f6 32. h4 g6 33. Ra4 b3 34. Ra3 f5 35.
gxf5 gxf5 36. h5 Rb5 37. Ra1 Rxc5+ 38. Kxb3 Kb5 39. Rg1 Rc7 40. Rg5 Rf7 41. h6
Kxa6 42. Rg7 Rc7 43. Bc3 Rb7+ 44. Kc4 Nxc3 45. bxc3 Kb6 46. Kd5 a5 47. Kd6 Ka6
48. Kxe5 a4 49. c4 Rb6 50. Rxh7 a3 51. Rh8 Kb7 52. h7 Rh6 53. Rd8 a2 54. Rd1
Rxh7 55. f4 Kc6 56. Kxf5 Ra7 57. Ra1 Kc5 58. Ke4 1/2-1/2

[Event "Reykjavik Open 2026"]
[Site "Reykjavik ISL"]
[Date "2026.03.28"]
[Round "5.13"]
[White "Cornette, Matthieu"]
[Black "Belkaid, Sohan"]
[Result "1-0"]
[WhiteTitle "GM"]
[BlackTitle "FM"]
[WhiteElo "2535"]
[BlackElo "2379"]
[WhiteFideId "620084"]
[BlackFideId "45180350"]
[EventDate "2026.03.25"]

1. e4 c5 2. Nf3 d6 3. Bc4 Nf6 4. d3 a6 5. a4 Nc6 6. O-O h6 7. c3 Bg4 8. h3 Bh5
9. g4 Bg6 10. Ba2 e6 11. Bf4 d5 12. e5 Nh7 13. Kg2 Qb6 14. Qe2 Be7 15. Na3 O-O
16. Bg3 f5 17. exf6 Bxf6 18. Nh4 Bf7 19. f4 Rae8 20. Nf3 g5 21. Rae1 Bg6 22. Qd2
Kh8 23. Rf2 gxf4 24. Bxf4 Bg7 25. Nh4 Bf7 26. Bxh6 Qd8 27. Bxg7+ Kxg7 28. Kg3
Ng5 29. Ref1 Rh8 30. Rf6 Qb8+ 31. Kg2 Qe5 32. R1f5 1-0

[Event "Reykjavik Open 2026"]
[Site "Reykjavik ISL"]
[Date "2026.03.28"]
[Round "5.14"]
[White "Suleymenov, Alisher"]
[Black "Manish Anto, Cristiano F"]
[Result "1/2-1/2"]
[WhiteTitle "GM"]
[BlackTitle "IM"]
[WhiteElo "2523"]
[BlackElo "2384"]
[WhiteFideId "13707833"]
[BlackFideId "25095927"]
[EventDate "2026.03.25"]

1. d4 Nf6 2. c4 e6 3. Nf3 d5 4. Nc3 c6 5. e3 Nbd7 6. Be2 Bd6 7. O-O O-O 8. b3 b6
9. Bb2 Bb7 10. Qc2 Qe7 11. Rad1 Rac8 12. Rfe1 c5 13. cxd5 cxd4 14. dxe6 dxc3 15.
exd7 Qxd7 16. Ba3 Be4 17. Rxd6 Qxd6 18. Bxd6 Bxc2 19. Bxf8 Kxf8 20. Nd4 Bg6 21.
f3 Nd5 22. e4 Nb4 23. a3 Nc6 24. Nxc6 Rxc6 25. Bc4 f5 26. Bd5 Rc7 27. Rc1 fxe4
28. fxe4 c2 29. Kf2 Bf7 30. Ke3 Bxd5 31. exd5 Ke7 32. Kd3 Kd6 33. Rxc2 Rxc2 34.
Kxc2 Kxd5 35. Kc3 Ke4 36. Kc4 g5 37. Kb5 g4 38. Ka6 Ke3 39. Kxa7 Kf2 40. g3 Kg2
41. Kxb6 Kxh2 42. a4 h5 43. a5 h4 44. a6 hxg3 45. a7 g2 46. a8=Q g1=Q+ 47. Kb5
Qf1+ 48. Kb4 Qe1+ 49. Kc4 g3 50. Qh8+ Kg1 51. b4 g2 52. b5 Qe2+ 53. Kb4 Kf1 54.
Qh3 Qe7+ 55. Ka5 Qa7+ 56. Kb4 Qd4+ 57. Ka5 Kf2 58. Qf5+ Ke1 59. Qe6+ Kf2 60.
Qf7+ Ke1 61. Qe6+ Kd2 62. Qa2+ Kc3 63. Qa1+ Kd3 64. Qd1+ Kc4 65. Qa4+ Kd5 66.
Qa2+ Kc5 67. Qc2+ Qc4 68. Qf2+ Qd4 69. Qc2+ Qc4 70. Qf2+ Qd4 1/2-1/2

[Event "Reykjavik Open 2026"]
[Site "Reykjavik ISL"]
[Date "2026.03.28"]
[Round "5.15"]
[White "Brodsky, David"]
[Black "Ragnarsson, Dagur"]
[Result "1-0"]
[WhiteTitle "GM"]
[BlackTitle "IM"]
[WhiteElo "2505"]
[BlackElo "2376"]
[WhiteFideId "2073250"]
[BlackFideId "2304058"]
[EventDate "2026.03.25"]

1. d4 d5 2. c4 dxc4 3. Nf3 c5 4. d5 e6 5. Nc3 exd5 6. Qxd5 Qxd5 7. Nxd5 Bd6 8.
e4 Nf6 9. Nxf6+ gxf6 10. Bxc4 Nc6 11. Be3 Be6 12. O-O-O O-O-O 13. Bd5 Kc7 14.
Kb1 b6 15. Nh4 Ne7 16. Bb3 Be5 17. g3 Nc6 18. Nf5 Rxd1+ 19. Rxd1 Re8 20. Ng7 Re7
21. Nxe6+ fxe6 22. f4 Bd4 23. Bc1 b5 24. g4 c4 25. Bc2 h5 26. g5 fxg5 27. fxg5
h4 28. Rf1 Be5 29. h3 Rg7 30. Bd1 b4 31. Bh5 c3 32. g6 Rg8 33. Rf7+ Kd6 34. bxc3
Bxc3 35. Bh6 Rh8 36. Bf8+ 1-0

[Event "Reykjavik Open 2026"]
[Site "Reykjavik ISL"]
[Date "2026.03.28"]
[Round "5.16"]
[White "Ajay Krishna, S"]
[Black "Razafindratsima, Timothe"]
[Result "0-1"]
[WhiteTitle "IM"]
[BlackTitle "IM"]
[WhiteElo "2354"]
[BlackElo "2504"]
[WhiteFideId "5096430"]
[BlackFideId "36069884"]
[EventDate "2026.03.25"]

1. d4 Nf6 2. Nf3 e6 3. e3 d5 4. Bd3 c5 5. b3 b6 6. O-O Bb7 7. Bb2 Be7 8. Nbd2
O-O 9. Ne5 Nbd7 10. Qf3 cxd4 11. exd4 Rc8 12. Qh3 Ne4 13. f3 Ng5 14. Qg3 f5 15.
Nxd7 Qxd7 16. Rfe1 f4 17. Qf2 Rf6 18. Qh4 Rg6 19. Qh5 Rh6 20. Qg4 Qd8 21. Qxf4
Bd6 22. Qg4 Bxh2+ 23. Kf2 Qf6 24. Ke2 Rf8 25. Kd1 Bc8 26. Nf1 Bf4 27. Re5 Nf7
28. Rf5 exf5 29. Qxf4 Rh4 30. Qc7 Re8 31. Bc3 Qg5 32. Qc6 Rd8 33. g3 Rh1 34. Qc7
Qe3 35. f4 Qf2 36. Qxa7 Rxf1+ 37. Bxf1 Qxf1+ 38. Kd2 Qf2+ 39. Kc1 Qxg3 40. Kb2
Qxf4 41. Qxb6 Qd6 42. Qa7 f4 43. Re1 f3 44. Ba5 Rf8 45. a3 Qa6 46. Qc5 f2 47.
Bb4 Rd8 0-1

[Event "Reykjavik Open 2026"]
[Site "Reykjavik ISL"]
[Date "2026.03.28"]
[Round "5.17"]
[White "Chen, Qi b"]
[Black "Domalchuk-Jonasson, Aleksandr"]
[Result "1/2-1/2"]
[WhiteTitle "IM"]
[BlackTitle "IM"]
[WhiteElo "2484"]
[BlackElo "2362"]
[WhiteFideId "8614733"]
[BlackFideId "14142805"]
[EventDate "2026.03.25"]

1. e4 e5 2. Nf3 Nf6 3. Nc3 Nc6 4. g3 d5 5. exd5 Nxd5 6. Bg2 Nxc3 7. bxc3 Bd6 8.
O-O O-O 9. d3 h6 10. Re1 Re8 11. Rb1 Rb8 12. Nd2 Be6 13. Nc4 Bxc4 14. dxc4 Na5
15. Be3 b6 16. c5 1/2-1/2